000 01696nam a22002777a 4500
003 AR-RoUNCS
005 20260209143338.0
008 160722s2015 ag gr 001 f spa
015 _aAR-2015
020 _a978-950-07-5166-7
040 _aAR-BaBN
_bspa
_cAR-RoUNCS
_eaacr
044 _aag
_car-c
080 1 _a82-31(862)
_22016
100 1 _aGarcía Márquez, Gabriel,
_d1927-2014
_eautor
_4aut
245 1 0 _aCien años de soledad /
_cGabriel García Márquez.
246 1 3 _a100 años de soledad
260 _aBuenos Aires :
_bSudamericana,
_c2015.
300 _a495 p. ;
_c22 cm.
490 0 _aColección Premio Nobel de Literatura
490 0 _aBiblioteca Gabriel García Márquez
520 3 _a«Muchos años después, frente al pelotón de fusilamiento, el coronel Aureliano Buendía había de recordar aquella tarde remota en que su padre lo llevó a conocer el hielo.» Con esta cita comienza una de las novelas más importantes del siglo XX y una de las aventuras literarias más fascinantes de todos los tiempos. Millones de ejemplares de Cien años de soledad leídos en todas las lenguas y el premio Nobel de Literatura coronando una obra que se había abierto paso «boca a boca» -como gustaba decir el escritor- son la más palpable demostración de que la aventura fabulosa de la familia Buendía-Iguarán, con sus milagros, fantasías, obsesiones, tragedias, incestos, adulterios, rebeldías, descubrimientos y condenas, representaba al mismo tiempo el mito y la historia, la tragedia y el amor del mundo entero.
650 7 _2embne
_aLiteratura colombiana
650 7 _2embne
_aRealismo mágico (Literatura)
655 7 _aNovelas
_2embne
942 _2udc
_cLPD
_n0
999 _c890
_d890